| 000 | 00000nas 2200000za 4500 |
| 001 | 9.826773 |
| 003 | CaOODSP |
| 005 | 20221107144647 |
| 007 | cr ||||||||||| |
| 008 | 161102d19271948oncar p oss f0###a0eng|d |
| 040 | |aCaOODSP|beng |
| 043 | |an-cn--- |
| 086 | 1 |aCS41-214E-PDF |
| 245 | 04|aThe non-ferrous smelting and refining industry in Canada |h[electronic resource]. |
| 260 | |a[Ottawa] : |bDominion Bureau of Statistics, Mining, Metallurgical and Chemical Branch, |c[1928?-1949?] |
| 310 | |aAnnual |
| 362 | 0 |a1927-1948. |
| 490 | 0 |aAnnual bulletin |
| 500 | |aDigitized edition from print [produced by Statistics Canada]. |
| 520 | |a"This industry includes the smelting and refining of Canadian and imported ores of aluminum, cobalt-silver, nickel-copper, copper-gold-silver, silver-lead-zinc and lead ores"--p. 1, 1927. |
| 550 | |aIssued 1945-1947 by Mining, Metallurgical & Chemical Statistics; 1948 by Mining, Metallurgical and Chemical Section. |
| 692 | 07|2gccst|aMetalworking industry |
| 692 | 07|2gccst|aStatistics |
| 710 | 1 |aCanada. |bDominion Bureau of Statistics. |bMining, Metallurgical and Chemical Section. |
| 710 | 1 |aCanada.|bCensus of Industry.|bMining, Metallurgical and Chemical Statistics. |
| 710 | 1 |aCanada. |bCensus of Industry. |bMining, Metallurgical & Chemical Branch. |
| 785 | 00|tThe non-ferrous smelting and refining industry |w(CaOODSP)9.826777 |